<?xml version="1.0" encoding="UTF-8"?>
<record
    xmlns:xsi="http://www.w3.org/2001/XMLSchema-instance"
    xsi:schemaLocation="http://www.loc.gov/MARC21/slim http://www.loc.gov/standards/marcxml/schema/MARC21slim.xsd"
    xmlns="http://www.loc.gov/MARC21/slim">

  <leader>00606cam a22002051  4500</leader>
  <controlfield tag="001">ne 63000461 </controlfield>
  <controlfield tag="003">DLC</controlfield>
  <controlfield tag="005">20260227111742.0</controlfield>
  <controlfield tag="008">900703s1962    ua a          000 1 ararc</controlfield>
  <datafield tag="010" ind1=" " ind2=" ">
    <subfield code="a">ne 63000461 </subfield>
  </datafield>
  <datafield tag="035" ind1=" " ind2=" ">
    <subfield code="a">(OCoLC)21958625</subfield>
  </datafield>
  <datafield tag="040" ind1=" " ind2=" ">
    <subfield code="a">Princeton Univ. Libr.</subfield>
    <subfield code="c">WaU</subfield>
    <subfield code="d">DLC</subfield>
  </datafield>
  <datafield tag="042" ind1=" " ind2=" ">
    <subfield code="a">premarc</subfield>
  </datafield>
  <datafield tag="050" ind1="0" ind2="0">
    <subfield code="a">PJ7832.A8</subfield>
    <subfield code="b">L3</subfield>
  </datafield>
  <datafield tag="100" ind1="1" ind2=" ">
    <subfield code="a">Haww&#x101;r&#x12B;, Y&#x101;sir.</subfield>
  </datafield>
  <datafield tag="245" ind1="1" ind2="0">
    <subfield code="a">Lan yak&#x16B;na wad&#x101;&#x2BB;</subfield>
    <subfield code="c">[ta&#x2BC;l&#x12B;f] Y&#x101;sir Haww&#x101;r&#x12B;.</subfield>
  </datafield>
  <datafield tag="250" ind1=" " ind2=" ">
    <subfield code="a">[al-&#x1E6C;ab&#x2BB;ah al-&#x16B;l&#xE1;]</subfield>
  </datafield>
  <datafield tag="260" ind1=" " ind2=" ">
    <subfield code="a">[Bayr&#x16B;t,</subfield>
    <subfield code="b">al-Maktab al-Tij&#x101;r&#x12B; lil-&#x1E6C;ib&#x101;&#x2BB;ah wa-al-Nashr,</subfield>
    <subfield code="c">1962]</subfield>
  </datafield>
  <datafield tag="300" ind1=" " ind2=" ">
    <subfield code="a">172 p.</subfield>
    <subfield code="b">illus.</subfield>
    <subfield code="c">20 cm.</subfield>
  </datafield>
  <datafield tag="999" ind1=" " ind2=" ">
    <subfield code="c">45647</subfield>
    <subfield code="d">45647</subfield>
  </datafield>
</record>
